Die molluskenausbeute der Hanseatischen Südsee=Expedition 1909 /

Guardado en:
Autor Principal: Boettger, Caesar R.
Formato: Libro
Idioma:German
Publicado: Frankfurt : M. Selbstverlag der Senckenbergischen naturforschenden Gesellschaft, 1918.
Series:Abhandlungen hrsg. von der Senckenbergischen naturforschenden Gesellschaft ; Bd. 36, H. 3, S. 285-308, Taf. 21-23
Etiquetas: Agregar Etiqueta
Sin Etiquetas, Sea el primero en etiquetar este registro!
LEADER 00666nam a22001575a 4500
001 EEA.libagro005474
005 20180627111212.0
008 130809s1918####gw#a##########000#0#ger#d
082 0 4 |a 594 
082 0 4 |a 508.3162 
100 1 |a Boettger, Caesar R. 
245 1 0 |a Die molluskenausbeute der Hanseatischen Südsee=Expedition 1909 /  |c von Caesar R. Boettger. 
260 |a Frankfurt :  |b M. Selbstverlag der Senckenbergischen naturforschenden Gesellschaft,  |c 1918. 
300 |a [23 p.] :  |b il. ;  |c 30 cm. 
490 1 |a Abhandlungen hrsg. von der Senckenbergischen naturforschenden Gesellschaft ;  |v Bd. 36, H. 3, S. 285-308, Taf. 21-23 
859 |a AR-BbBCA  |b BIB. AGRONOMIA  |h 594  |i B673  |p 1996/2788